00497 a2200181 450000100060000002000180000604000220002410000260004624000290007224500240010130000080012536200090013344000120014265000230015494200070017795201140018499900170029868207 a9788508081715 cAnchieta - Pituba aDupré, Maria José10aO cachorrinho Sambalpor10aO cachorrinho Samba a1280 a2005 1aÁtica 4aLiteratura juvenil cBK 00104070a91.1b91.1d2023-11-21l0oLJ 028.5 D942c DUP CACp23591/PITr2023-11-21 18:36:15w2023-11-21yBK c68207d68207